000 00420nam a22001457a 4500
082 _a624.15136
_bVER
_cL-38, P-95
100 _aVerma B. P
_940192
245 _aProblems ini soil mechanics & foundation engineering
_cVerma B. P
250 _a10 ed.
260 _aDelhi
_bKhanna publishers
_c2005
300 _a350 p.
_bill.
_c28 cm.
526 _a0
_b0
_c0
_d624_151360000000000_VER
650 _aMCE
_9379
942 _2ddc
_cBK
999 _c546418
_d546418